BHARATIYA SAKSHYA ADHINIYAM 2023 LAW & PRACTICE (Record no. 27892)

MARC details
000 -LEADER
fixed length control field 00368nam a22001457a 4500
003 - CONTROL NUMBER IDENTIFIER
control field SGT
020 ## - INTERNATIONAL STANDARD BOOK NUMBER
International Standard Book Number 9789357783606
082 ## - DEWEY DECIMAL CLASSIFICATION NUMBER
Classification number 345.06
Item number KAN
100 ## - MAIN ENTRY--PERSONAL NAME
Personal name KANSAL SAURABH
245 ## - TITLE STATEMENT
Title BHARATIYA SAKSHYA ADHINIYAM 2023 LAW & PRACTICE
260 ## - PUBLICATION, DISTRIBUTION, ETC. (IMPRINT)
Place of publication, distribution, etc NEW DELHI
Name of publisher, distributor, etc TAXMANN
Year of Publication 2024
300 ## - PAGE DESCRIPTION
No. of Pages 387
653 ## - KEYWORDS--INDEX TERM
Keyword term EVIDENCE , LAW OF EVIDENCE ,EVIDENCE LAW
942 ## - ADDED ENTRY ELEMENTS (KOHA)
Source of classification or shelving scheme Dewey Decimal Classification
Koha item type Books
Holdings
Withdrawn status Lost status Source of classification or shelving scheme Damaged status Not for loan Collection code Home library Current library Shelving location Date acquired Vendor Name Cost, normal purchase price SGTU Bill Number Full call number Accession No. (Barcode) Date last seen Bill Date Koha item type Total Checkouts Checked out Date last borrowed
    Dewey Decimal Classification   Not For Loan LAW SGT Science & Social Sciences Library SGT Science & Social Sciences Library Reference Book 02/12/2024 COMMERCIAL BOOK HOUSE 1195.00 SGTU 994 345.06 KAN FL3626 02/12/2024 05/11/2024 Books      
    Dewey Decimal Classification     LAW SGT Science & Social Sciences Library SGT Science & Social Sciences Library Text Book 02/12/2024 COMMERCIAL BOOK HOUSE 1195.00 SGTU 994 345.06 KAN FL3627 02/12/2024 05/11/2024 Books      
    Dewey Decimal Classification     LAW SGT Science & Social Sciences Library SGT Science & Social Sciences Library Text Book 02/12/2024 COMMERCIAL BOOK HOUSE 1195.00 SGTU 994 345.06 KAN FL3628 30/05/2026 05/11/2024 Books 1 13/06/2026 30/05/2026
    Dewey Decimal Classification     LAW SGT Science & Social Sciences Library SGT Science & Social Sciences Library Text Book 02/12/2024 COMMERCIAL BOOK HOUSE 1195.00 SGTU 994 345.06 KAN FL3629 02/12/2024 05/11/2024 Books      
    Dewey Decimal Classification     LAW SGT Science & Social Sciences Library SGT Science & Social Sciences Library Text Book 02/12/2024 COMMERCIAL BOOK HOUSE 1195.00 SGTU 994 345.06 KAN FL3630 04/11/2025 05/11/2024 Books 1   05/09/2025